000 01791nam a22004817a 4500
001 000095463
003 CHAP
005 20220329143111.0
008 060324d2006 mx d r 00110 spa d
010 _a91929
011 _a92901
035 _a103468
040 _cCHAP
090 _aTesis
100 1 _aChi Hernández, Lesly Viviana.
_922211
245 1 0 _aCalidad de leche cruda en hatos de bovinos de doble propósito, en Campeche, México /
_c/por Lesly Viviana Chi Hernández y Rocío Cruz Xolo.
260 _aChapingo, Méx. :
_bEl autor,
_c2006.
300 _a68 h. :
_bgráfs. ; cuadros.
502 _aTesis (Ing. Agr. Esp. en Zootecnia) -- UACH. Departamento de Zootecnia
590 _aALEPH
_b10
_c20130110
_lUCH01
_h1510
590 _aBATCH-UPD
_b10
_c20130110
_lUCH01
_h0621
590 _aBATCH-UPD
_b10
_c20130410
_lUCH01
_h0304
590 _aBATCH-UPD
_b10
_c20130410
_lUCH01
_h1640
590 _aBATCH-UPD
_b10
_c20130914
_lUCH01
_h0921
590 _aBATCH-UPD
_b10
_c20140324
_lUCH01
_h1455
590 _aBATCH-UPD
_b10
_c20141002
_lUCH01
_h0829
590 _aBATCH
_b00
_c20181121
_lUCH01
_h0759
590 _aCONVERSION
_b10
_c20130109
_lUCH01
_h1351
590 _aE12093SGE
_b10
_c20130709
_lUCH01
_h1332
650 1 4 _aGanado lechero
_zCampeche.
_945309
650 1 4 _aGanado vacuno
_xCampeche.
_945441
650 1 4 _aLeche
_xCalidad.
_965362
650 1 4 _aLeche
_xProducción.
_965400
700 1 _aCruz Xolo, Rocío.
_929631
856 _3Finding aid
_uhttp://10.13.5.2/tesis/103468.pdf
_zTeclea aquí
856 _a1
_n0001602
901 _aBK
905 _aMarco A. Mendoza T.
942 _cFOLL
942 _n0
949 _aTesis
_bBC
_cTES
_d00000001034681
_eTS1
_gDonaciØn
_h44953
_i103468
_sb
949 _aTesis
_bBC
_cTES
_d33724000980603
_eTS2
_fc.2
_gDonaciØn
_h44954
_i103468
_si
999 _c91929
_d91929